Statistics for What Came First?

Click here to take the quiz!

General Stats

  • This quiz has been taken 139 times
  • The average score is 9 of 14

Answer Stats

QuestionAnswer% Correct
What came first?UNIVERSITY OF OXFORD
82%
What came first?TWITTER
79%
What came first?BARBIE
77%
What came first?TELEVISION
75%
What came first?BASEBALL
72%
What came first?PIZZA HUT
72%
What came first?MUSTARD
68%
What came first?GATORADE
67%
What came first?EGG
66%
What came first?ADIDAS
61%
What came first?BACKSTREET BOYS
61%
What came first?MCAT (Medical College Admission Test)
47%
What came first?PRADA
46%
What came first?LATTE
33%

Score Distribution

Percentile by Number Answered

Percent of People with Each Score

Your Score History

You have not taken this quiz